Evolución (Registro nro. 8194)
[ vista simple ]
| 000 -CABECERA | |
|---|---|
| Campo de control | 00699nam a22001937a 4500 |
| 005 - FECHA Y HORA DE LA ULTIMA TRANSACCION | |
| Campo de control | 20140303111233.0 |
| 008 - ELEMENTOS DE LONGITUD FIJA—INFORMACION GENERAL | |
| Campo de control | 140303b c abdogr|||| 00| 0 spa d |
| 020 ## - ISBN | |
| ISBN | 9789589457672 |
| 041 ## - IDIOMA | |
| Código de idioma para texto/pista de sonido o título separado | Español |
| 044 ## - PAÍS DE PUBLICACIÓN | |
| País de publicación | Colombia |
| 082 ## - NUMERO DE CLASIFICACION DECIMAL DEWEY | |
| Número de clasificación | 576.098 |
| Número del ítem | A16e |
| 110 2# - ASIENTO PRINCIPAL--NOMBRE CORPORATIVO | |
| Nombre corporativo o de jurisdicción como elemento de entrada | Asociación Colombiana para el Avance de la Ciencia |
| 245 ## - MENCION DE TITULO | |
| Título | Evolución |
| Parte restante del título | Historia de la Vida |
| Mención de responsabilidad | Asociación Colombiana para el Avance de la Ciencia |
| 260 ## - PUBLICACION, DISTRIBUCION, ETC. (PIE DE IMPRENTA) | |
| Lugar de publicación, distribución, etc. | Bogotá |
| Nombre del editor, distribuidor, etc. | Asociación Colombiana para el Avance de la Ciencia |
| Fecha de publicación, distribución, etc. | [?] |
| 300 ## - DESCRIPCION FISICA | |
| Extensión | 175 p. |
| Otros detalles físicos | il., fot., mapas, tablas |
| Dimensiones | 23 cm |
| 504 ## - NOTA DE BIBLIOGRAFIA, ETC. | |
| Nota de bibliografía | Incluye bibliografía despues de cada capitulo |
| 650 #4 - ASIENTO SECUNDARIO DE MATERIA - TERMINO TEMATICO | |
| Término temático o nombre geográfico como elemento de entrada | Evolución |
| Subdivisión general | Fauna y Flora |
| Subdivisión geográfica | Colombia |
| 942 ## - ELEMENTOS ADICIONALES (KOHA) | |
| Sistema de clasificación | Dewey Decimal Classification |
| Tipo de ítem | Impreso |
| Withdrawn status | Lost status | Sistema de Clasificación | Damaged status | No para préstamo | Colección | Inventariado | Ubicación Permanente | Ubicación actual | Fecha de adquisición | Fuente de Valor | Valor | Total Checkouts | Número topográfico | Inventario / Código de Barras | Date last seen | Ejemplar | Price effective from | Forma de adquisición | Tipo de material |
|---|---|---|---|---|---|---|---|---|---|---|---|---|---|---|---|---|---|---|---|
| Dewey Decimal Classification | General | Inventariado 2017 | Bogotá | Bogotá | 03/03/2014 | Instituto | 39000.00 | LB-576.098 A16e | 034032 | 03/03/2014 | Ej. 1 | 03/03/2014 | Libro |